000 00389nam a2200133Ia 4500
008 220216s9999 xx 000 0 und d
100 _aBolle-Jones E W
245 0 _aNutrition of Hevea brasiliensis 1. Experimental methods
260 _bJournal of the Rubber Research Institute of Malaya
_c1953
300 _a183-207
650 _aHevea brasiliensis
650 _aNutrition
942 _cJS
999 _c64254
_d64254